| 000 | 00885cam a22002891 4500 | ||
|---|---|---|---|
| 001 | 2196 | ||
| 003 | BD-RjUL | ||
| 005 | 20211208233513.0 | ||
| 008 | 131210s1964 njub b 000 0 eng | ||
| 035 | _a(BD-RjUL)2223 | ||
| 035 | _a(OCoLC)288333 | ||
| 040 |
_aDLC _cOYU _dOCoLC _dUk _dDLC _dBD-RjUL _beng |
||
| 041 | _aeng | ||
| 082 |
_a330.957 _bHON 1964 |
||
| 100 | 1 |
_aHooson, David J. M. _97169 |
|
| 245 | 1 | 2 |
_aA new Soviet heartland ? / _cby David J. M. Hooson. |
| 260 |
_aPrinceton, N.J. : _bVan Nostrand ; _cc1964 |
||
| 300 |
_a132 p. : _bmaps. ; _c21 cm. |
||
| 490 | 0 |
_aVan Nostrand searchlight book, _v21 |
|
| 504 | _aBibliography: p. 126-128. | ||
| 650 | 0 |
_aGeopolitics _zSoviet Union. _97170 |
|
| 650 | 0 |
_aNatural resources _zSoviet Union. _97171 |
|
| 651 | 0 |
_aSiberia (Russia) _xEconomic conditions. _97172 |
|
| 942 |
_2ddc _cBK |
||
| 999 |
_c2196 _d2196 |
||